| 000 | 00778nam a2200169 a 4500 | ||
|---|---|---|---|
| 008 | 150519s1979 ||||||||||||||||| || u | ||
| 050 | _aGOV.ZAM(058)ER/1979 | ||
| 110 | _aGovernment of the Republic of Zambia. Ministry of Finance, National Commission for Development Planning (NCDP) | ||
| 245 | 1 | 0 |
_aNational commission for development planning economic report 1978 _cBy the National Commission for Development Planning |
| 260 |
_aLusaka: _bNCDP _c1979 |
||
| 300 | _a116p.; ill. | ||
| 350 | _a0.00 | ||
| 650 | 0 | _aAFRICA--ECONOMIC CONDITIONS | |
| 650 | _aECONOMIC DEVELOPMENT--PLANNING | ||
| 650 | _aZAMBIA--ECONOMIC CONDITIONS | ||
| 995 |
_FCBU-MAIN LIBRARY (Kitwe) _I0.00 _M1 _UAVAILABLE _WMay 19, 2015 _ZZambiana Collection |
||
| 999 |
_c51926 _d51926 |
||